<?xml version="1.0" encoding="UTF-8"?>
<marc:record xmlns:marc="http://www.loc.gov/MARC21/slim">
   <marc:leader>00000nam a2200000 a 4500</marc:leader>
   <marc:datafield ind1="1" ind2=" " tag="100">
      <marc:subfield code="a">Finn, Thomas</marc:subfield>
      <marc:subfield code="4">aut</marc:subfield>
      <marc:subfield code="e">Verfasser/-in</marc:subfield>
   </marc:datafield>
   <marc:datafield ind1=" " ind2=" " tag="653">
      <marc:subfield code="a">Fantasy</marc:subfield>
   </marc:datafield>
   <marc:datafield ind1="0" ind2="0" tag="245">
      <marc:subfield code="a">Das Weltennetz</marc:subfield>
   </marc:datafield>
   <marc:datafield ind1="0" ind2="0" tag="245">
      <marc:subfield code="b">Roman</marc:subfield>
   </marc:datafield>
   <marc:datafield ind1="0" ind2="0" tag="245">
      <marc:subfield code="c">von Thomas Finn</marc:subfield>
   </marc:datafield>
   <marc:datafield ind1=" " ind2="1" tag="264">
      <marc:subfield code="a">München</marc:subfield>
      <marc:subfield code="b">Piper</marc:subfield>
      <marc:subfield code="c">2005</marc:subfield>
   </marc:datafield>
   <marc:datafield ind1="1" ind2=" " tag="490">
      <marc:subfield code="a">Magus Magellans Gezeitenwelt</marc:subfield>
      <marc:subfield code="v">3</marc:subfield>
   </marc:datafield>
   <marc:datafield ind1=" " ind2=" " tag="250">
      <marc:subfield code="a">Ungekürzte Taschenbuchausg.</marc:subfield>
   </marc:datafield>
   <marc:datafield ind1="1" ind2=" " tag="520">
      <marc:subfield code="a">Ein verheerender Sturm ist erst der Beginn zahlloser tödlicher Gefahren, die der kurjamäischen Expeditionsflotte im Ozean des Morgens drohen. Ausgesandt, den Kauffahrern Serkan Kataus das Geheimnis der Purpurgewinnung zu entreißen, stoßen die tapfere Surjadora und ihre Getreuen auf ein uraltes Mysterium und begegnen alten und neuen Helden im Zwielicht einer Welt, die von Verschwörungen und Katastrophen heimgesucht wird. Sie alle eint die Suche nach einem Geheimnis, das hinter einem Gespinst aus Träumen, Intrigen und Liebe verborgen liegt - das sagenumwobene &gt;Weltennetz&lt;. &gt;Ein beeindruckendes Projekt. Die originellste Idee, die mir in der Fantasy je begegnet ist.&lt; Andreas Eschbach</marc:subfield>
   </marc:datafield>
   <marc:datafield ind1=" " ind2=" " tag="020">
      <marc:subfield code="a">9783492265430</marc:subfield>
      <marc:subfield code="9">9783492265430</marc:subfield>
   </marc:datafield>
   <marc:datafield ind1=" " ind2=" " tag="020">
      <marc:subfield code="a">349226543X</marc:subfield>
      <marc:subfield code="9">349226543X</marc:subfield>
   </marc:datafield>
   <marc:datafield ind1=" " ind2=" " tag="041">
      <marc:subfield code="a">ger</marc:subfield>
   </marc:datafield>
   <marc:datafield ind1=" " ind2=" " tag="300">
      <marc:subfield code="a">410 S.</marc:subfield>
   </marc:datafield>
</marc:record>
